Colombia mágica (Record no. 7340)

MARC details
000 -LEADER
campo de control de longitud fija 00899nac a2200241 a 4500
003 - IDENTIFICADOR DE NÚMERO DE CONTROL
campo de control Co-PeBPM
005 - FECHA Y HORA DE LA ÚLTIMA TRANSACCIÓN
campo de control 20250416105243.0
008 - DATOS DE LONGITUD FIJA--INFORMACIÓN GENERAL
campo de control de longitud fija 231129e2010||||xx a||||||||||||| ||spa||
020 ## - NÚMERO INTERNACIONAL ESTÁNDAR DEL LIBRO
Número Internacional Estándar del Libro 978958449096581
040 0# - FUENTE DE CATALOGACIÓN
Centro catalogador/agencia de origen Co-PeBPM
Lengua de catalogación spa
Centro/agencia transcriptor Co-PeBPM
Normas de descripción rda
041 0# - CÓDIGO DE IDIOMA
Código de lengua del texto/banda sonora o título independiente spa
082 04 - NÚMERO DE LA CLASIFICACIÓN DECIMAL DEWEY
Número de clasificación R 332.49861 H557c
100 1# - ENTRADA PRINCIPAL--NOMBRE DE PERSONA
Nombre de persona Hernández Camacho, Carlos Nicolás
Fechas asociadas al nombre 1953
Término indicativo de función/relación autor
245 10 - MENCIÓN DEL TÍTULO
Título Colombia mágica
Resto del título : el libro de los billetes
Mención de responsabilidad, etc. / Carlos Nicolás Hernández Camacho
260 ## - PUBLICACIÓN, DISTRIBUCIÓN, ETC.
Lugar de publicación, distribución, etc. Bogotá, Colombia
Nombre del editor, distribuidor, etc. : [sn]
Fecha de publicación, distribución, etc. , 2010
490 ## - MENCIÓN DE SERIE
Mención de serie Biblioteca Colombiana Ilustrada. Bicentenario de la Independencia. 1810-2010
500 ## - NOTA GENERAL
Nota general Con reproducciones de 48 billetes de banco.
650 14 - PUNTO DE ACCESO ADICIONAL DE MATERIA--TÉRMINO DE MATERIA
Fuente del encabezamiento o término LEMB
Término de materia o nombre geográfico como elemento de entrada Historia de la moneda
Subdivisión geográfica Colombia
650 14 - PUNTO DE ACCESO ADICIONAL DE MATERIA--TÉRMINO DE MATERIA
Fuente del encabezamiento o término LEMB
Término de materia o nombre geográfico como elemento de entrada Billetes de banco
Subdivisión general historia
Subdivisión geográfica Colombia
650 14 - PUNTO DE ACCESO ADICIONAL DE MATERIA--TÉRMINO DE MATERIA
Fuente del encabezamiento o término LEMB
Término de materia o nombre geográfico como elemento de entrada Papel moneda colombiano
Subdivisión general historia
651 14 - PUNTO DE ACCESO ADICIONAL DE MATERIA--NOMBRE GEOGRÁFICO
Fuente del encabezamiento o término LEMB
Nombre geográfico Colombia
Subdivisión general sistema financiero
942 ## - ELEMENTOS DE ENTRADA SECUNDARIOS (KOHA)
Fuente del sistema de clasificación o colocación Clasificación Decimal Dewey
Tipo de ítem Koha Libros
Holdings
Estatus retirado Estado de pérdida Fuente del sistema de clasificación o colocación Estado de daño No para préstamo Colección Biblioteca de origen Biblioteca actual Ubicación en estantería Fecha de adquisición Fuente de adquisición Total de préstamos Signatura topográfica completa Código de barras Visto por última vez Copia número Precio de reemplazo Tipo de ítem Koha
    Clasificación Decimal Dewey     Referencia BIBLIOTECA PÚBLICA MUNICIPAL RAMON CORREA MEJIA BIBLIOTECA PÚBLICA MUNICIPAL RAMON CORREA MEJIA Referencia 21/08/2012 Dotación MinCultura y BNC   R 332.49861 H557c 32974 29/11/2023 1 29/11/2023 Libros
    Clasificación Decimal Dewey     Referencia BIBLIOTECA SAN JOAQUIN BIBLIOTECA SAN JOAQUIN Referencia 16/04/2025 Dotación MinCultura y BNC   R 332.49861 H557c 61447 16/04/2025 Ej.1 16/04/2025 Libros

Powered by Koha